000 00685nam a22001937a 4500
005 20221201145543.0
008 221201b ||||| |||| 00| 0 eng d
040 _cAL
041 _aHindi
082 _223
_aH891.4
_bMAHJ
100 _aAcharya Mahaprajna आचार्य महाप्रज्ञ
_964503
245 _aJain Darshan Aur Anekant जैन दर्शन और अनेकान्त
260 _aRajasthan
_bAdarsh Sahitya Sangh
300 _a160 p.
_bHB
_c21.5x14 cm.
365 _b₹40.00
_c
_d₹40.00
650 _aHindi Prose
_964504
700 _aMAHAPRAJNA(Acharya) महाप्रज्ञ (आचार्य)
_964505
942 _2ddc
_cGF
999 _c225401
_d225401